000 00582nam a2200229Ia 4500
003 OSt
005 20220928140508.0
006 a|||||r|||| 00| 0
007 ta
008 220927b |||||||| |||| 00| 0 eng d
024 _a8954
037 _cTextual
040 _aSDCL
_cSDCL
_beng
041 _2eng
_aeng
082 _aX:77, L3
100 _aVeintraub Andrew
_9495521
245 0 _aEconomic growth controversy
260 _c1973
700 _a Schwartz Eli
_9495522
942 _hX:77, L3
_cTEXL
_2CC
999 _c811717
_d811717